[Event "Gibtelecom Masters 2005"]
[Site "Gibraltar ENG"]
[Date "2005.01.03"]
[Round "10"]
[White "Weeramantry, Sunil"]
[Black "Vinas Guerrero, Carlos A"]
[Result "1/2-1/2"]
[WhiteElo "2258"]
[BlackElo "2096"]
[PlyCount "60"]
[EventDate "2005.01.26"]
[EventType "swiss"]
[EventRounds "10"]
[EventCountry "ENG"]
[Source "lmi"]
[SourceDate "2005.02.03"]

1. e4 c5 2. Nc3 Nc6 3. f4 g6 4. Nf3 Bg7 5. Bc4 e6 6. f5 Nge7 7. fxe6 fxe6 8.
O-O d5 9. Bb3 O-O 10. d3 Nd4 11. Bg5 Nxb3 12. axb3 d4 13. Na4 h6 14. Bxe7 Qxe7
15. Nb6 Rb8 16. Rxa7 Bd7 17. Qe1 g5 18. Qg3 Bb5 19. Raa1 Kh7 20. h4 Qd8 21. Nc4
gxh4 22. Nxh4 Rxf1+ 23. Rxf1 Be8 24. Qf4 Ra8 25. Nd6 Bc6 26. Nf7 Qe7 27. Qg4
Be8 28. Qg6+ Kg8 29. Nxh6+ Kh8 30. Nf7+ Kg8 1/2-1/2

[Event "Gibtelecom Masters 2005"]
[Site "Gibraltar ENG"]
[Date "2005.01.03"]
[Round "10"]
[White "White, Kevin"]
[Black "Mohamed, Mehdi Aithmido"]
[Result "0-1"]
[WhiteElo "2035"]
[BlackElo "2122"]
[PlyCount "62"]
[EventDate "2005.01.26"]
[EventType "swiss"]
[EventRounds "10"]
[EventCountry "ENG"]
[Source "lmi"]
[SourceDate "2005.02.03"]

1. Nf3 c5 2. e4 d6 3. Nc3 Nc6 4. d4 cxd4 5. Nxd4 g6 6. Be3 Bg7 7. Bc4 Nf6 8. f3
O-O 9. Qd2 Bd7 10. O-O-O Rc8 11. Bb3 Ne5 12. h4 h5 13. Rdg1 Nc4 14. Bxc4 Rxc4
15. b3 Rc8 16. g4 Qa5 17. Nd5 Qxa2 18. Nxe7+ Kh7 19. Qd3 Rce8 20. gxh5 Qa1+ 21.
Kd2 Qa5+ 22. Ke2 Rxe7 23. hxg6+ fxg6 24. Rg5 Re5 25. Rhg1 Be8 26. Nf5 d5 27.
Qd4 Rxf5 28. exf5 Ne4 29. fxg6+ Kg8 30. Qxe4 Bb5+ 31. Qc4 dxc4 0-1

[Event "Gibtelecom Masters 2005"]
[Site "Gibraltar ENG"]
[Date "2005.01.03"]
[Round "10"]
[White "Williams, Simon"]
[Black "Howell, David"]
[Result "0-1"]
[WhiteElo "2487"]
[BlackElo "2348"]
[PlyCount "124"]
[EventDate "2005.01.26"]
[EventType "swiss"]
[EventRounds "10"]
[EventCountry "ENG"]
[Source "lmi"]
[SourceDate "2005.02.03"]

1. c4 e5 2. Nc3 Bb4 3. Nd5 Be7 4. d4 d6 5. Nf3 e4 6. Nd2 f5 7. Nb1 Nf6 8. Nxe7
Qxe7 9. Nc3 Be6 10. e3 c6 11. b4 d5 12. b5 dxc4 13. bxc6 Nxc6 14. Rb1 O-O 15.
Qa4 Qf7 16. Ba3 Rfd8 17. Be2 a6 18. Rb6 Nd5 19. Nxd5 Bxd5 20. O-O Na7 21. Bc5
Nc8 22. Rb4 b5 23. Qc2 Ne7 24. a4 Bc6 25. Rbb1 Nd5 26. g3 Rdb8 27. Bd6 Rd8 28.
Be5 Nb6 29. a5 Nd7 30. Bf4 Bd5 31. h4 Qe6 32. Kh2 Nf6 33. Qc3 Ra7 34. Qa3 Qe7
35. Qc1 Rc8 36. Rg1 Qe6 37. Qa3 Qe7 38. Bd6 Qe6 39. Kg2 Rc6 40. Bb4 Rf7 41. Kf1
Qc8 42. Rc1 Be6 43. Bc5 Rb7 44. Kg2 Bf7 45. Rcf1 Qb8 46. Rb1 Nd5 47. Qa1 Nf6
48. Kf1 Qe8 49. Qa3 Rd7 50. g4 fxg4 51. Bxg4 Nxg4 52. Rxg4 Bh5 53. Rg5 h6 54.
Rf5 Qg6 55. Rf8+ Kh7 56. d5 Bf3 57. Bd4 Rcd6 58. Qb2 Rxd5 59. Ke1 c3 60. Qxc3
Qg1+ 61. Kd2 Qxb1 62. Qc8 Qb2+ 0-1

[Event "Saccone & Speed Challengers Tournament"]
[Site "Gibraltar ENG"]
[Date "2005.01.31"]
[Round "2.1"]
[White "Gonzalez Amaya, Milan"]
[Black "Kuenitz, Klaus"]
[Result "0-1"]
[WhiteElo "1931"]
[BlackElo "1994"]
[PlyCount "120"]
[EventDate "2005.01.26"]
[EventType "swiss"]
[EventRounds "5"]
[EventCountry "ENG"]
[Source "lmi"]
[SourceDate "2005.02.03"]

1. e4 e6 2. d3 d5 3. Nd2 Nf6 4. g3 c5 5. Bg2 Nc6 6. Ngf3 Be7 7. O-O b6 8. Re1
Bb7 9. c3 Qc7 10. e5 Nd7 11. d4 g5 12. Nf1 g4 13. Ng5 h6 14. Nxf7 Kxf7 15. Qxg4
h5 16. Qf4+ Kg7 17. Bh3 Raf8 18. Qd2 Nd8 19. Ne3 Bg5 20. f4 Bh6 21. Qe2 Kf7 22.
Qxh5+ Ke7 23. Qh4+ Ke8 24. Qh5+ Rf7 25. Kh1 Bg7 26. Qg4 Bf8 27. Bg2 Rg7 28. Qf3
Nf7 29. Ng4 Be7 30. f5 Ng5 31. Bxg5 Bxg5 32. fxe6 Nf8 33. Nf6+ Ke7 34. c4 dxc4
35. Qxb7 Qxb7 36. Bxb7 cxd4 37. Bd5 b5 38. Kg2 Nxe6 39. Bc6 Nc7 40. Rad1 d3 41.
h4 Bxh4 42. Ne4 Rhg8 43. Re3 Bg5 44. Nxg5 Rxg5 45. b3 Ke6 46. bxc4 bxc4 47. Re4
Rxg3+ 48. Kf2 c3 49. Rc4 c2 50. Rd2 Nd5 51. Bxd5+ Kxd5 52. Rcxc2 Rg2+ 53. Kf3
Rxd2 54. Rxd2 Kd4 55. Rh2 Rf8+ 56. Kg4 Kxe5 57. Rh7 Rd8 58. Kf3 d2 59. Rh5+ Kf6
60. Rh1 Ra8 0-1